Movies Quiz

Random Movies Quiz

Random Movie Villains 2 Quiz Stats

 Plays Quiz not verified by Sporcle

Also try: Let's Dance!
Challenge
Share
Tweet
Embed
Score 0/18 Timer 10:00
0 Plays Today
% Correct
Syndrome
93.8%
Lex Luthor
75%
Other Mother
68.8%
Gozer
68.8%
Gallaxhar
62.5%
The Toad
62.5%
President Coriolanus Snow
56.3%
Professor James Moriarty
56.3%
Dr Doom
56.3%
% Correct
Russ Cargill
56.3%
Nizam
43.8%
Vigo
37.5%
The Devil
37.5%
Pascal Sauvage
25%
Ivanovich Sakharine
18.8%
Chip Hazard
18.8%
Capricorn
12.5%
Sherrif of Nottingham
6.3%

You're not logged in!

Compare scores with friends on all Sporcle quizzes.
Join for Free
OR
Log In

You Might Also Like...

Show Comments

Extras

Created Jul 1, 2012ReportNominate
Tags:villains

Top Quizzes Today


Score Distribution

Your Account Isn't Verified!

In order to create a playlist on Sporcle, you need to verify the email address you used during registration. Go to your Sporcle Settings to finish the process.

Report this User

Report this user for behavior that violates our Community Guidelines.

Details: